Statistics for Districts and Zones of Mauritius

Click here to take the quiz!

General Stats

  • This quiz has been taken 76 times
  • The average score is 9 of 23

Answers on the Map

Answers color-coded by a green-red scale on the quiz's map according to % correct below.
 

Answer Stats

TypeSubdivision% Correct
Districts of MauritiusPort Louis
98%
Districts of MauritiusRivière Noire
74%
Districts of MauritiusFlacq
70%
Districts of MauritiusGrand Port
70%
Districts of MauritiusMoka
68%
Districts of MauritiusSavanne
64%
Districts of MauritiusRivière du Rempart
56%
Districts of MauritiusPamplemousses
54%
Districts of MauritiusPlaines Wilhems
48%
Zones of RodriguesPlaine Corail – La Fourche Corail
36%
Zones of RodriguesPort Mathurin
36%
Zones of RodriguesLa Ferme
32%
Zones of RodriguesBaie Malgache
22%
Zones of RodriguesCoromandel – Graviers
22%
Zones of RodriguesLataniers – Mont Lubin
22%
Zones of RodriguesMangues – Quatres Vents
22%
Zones of RodriguesOyster Bay
22%
Zones of RodriguesPiments – Baie Topaze
22%
Zones of RodriguesGrande Baie Montagne
20%
Zones of RodriguesPetit Gabriel
20%
Zones of RodriguesPort Sud-Est
20%
Zones of RodriguesRivière Cocos
18%
Zones of RodriguesRoche Bon Dieu – Trèfles
18%

Score Distribution

Percentile by Number Answered

Percent of People with Each Score

Your Score History

You have not taken this quiz